00281nam a2200121Ia 4500008004100000041001200041082001900053100001600072245002200088260002900110300000700139650001300146231217s9999 xx 000 0 und d aEnglish a158 DKB.2 `R' aHindle, Tim 0aManaging meetings c1998bDorling kindersley a72 aMeetings